000 00377nam a22001577a 4500
020 _a9788189757595
082 _a005.43 SHU
100 _aShukla Vijay
245 _aOperating system
260 _aNew Delhi India
_bS.K.Kataria & Sons
_c2008
300 _a330
_bP.B
500 _aInclude index
650 _aOperating system
700 _aVijay Shukla
942 _cBK
999 _c490561
_d490561